Biblioteca y Centro de Documentación

Vista normal Vista MARC

Entrada Nombre corporativo

Número de registros utilizados en: 57

001 - NÚMERO DE CONTROL

  • Campo de control: 5066

003 - IDENTIFICADOR DE NÚMERO DE CONTROL

  • Campo de control: ES-MaCES

005 - FECHA Y HORA DE LA ULTIMA MODIFICACION

  • Campo de control: 20190510112403.0

008 - ELEMENTOS DE DATOS DE LONGITUD FIJA

  • Campo de longitud fija: 981120 | azznnaabn || ana d

035 ## - NÚMERO DE CONTROL DEL SISTEMA

  • Número de control del sistema: CES19980001720e

040 ## - FUENTE DE LA CATALOGACIÓN

  • Agencia original de catalogación: ES-MaCES
  • Idioma de catalogación: spa
  • Agencia de transcripción: ES-MaCES

110 2# - ENCABEZAMIENTO--NOMBRE CORPORATIVO

  • Nombre corporativo o de jurisdicción como elemento de entrada: UNESCO

410 2# - TRAZADO VEÁSE--NOMBRE CORPORATIVO

  • Nombre corporativo o de jurisdicción como elemento de entrada: Organización de las Naciones Unidas para la Educación, la Ciencia y la Cultura

410 2# - TRAZADO VEÁSE--NOMBRE CORPORATIVO

  • Nombre corporativo o de jurisdicción como elemento de entrada: UNESCO
  • Unidad subordinada: Centro de Documentación de Ciencias Sociales y Humanas

410 2# - TRAZADO VEÁSE--NOMBRE CORPORATIVO

  • Nombre corporativo o de jurisdicción como elemento de entrada: UNESCO
  • Unidad subordinada: Grupo de Trabajo de Información y Documentación

670 ## - FUENTE DE DATOS ENCONTRADOS

  • Fuente de citación: Bibliografía Nacional

901 ## - CES. DATOS SIRTEX

  • ID Sirtex (N5N8): 0001800000172
  • 005BIS Sirtex: 199811201742MIG
© CES, Consejo Económico y Social de España 2021